[Event "Rome op"]
[Site "Rome"]
[Date "1990.??.??"]
[Round "9"]
[White "Barlov, Dragan"]
[Black "Drasko, Milan"]
[Result "1/2-1/2"]
[WhiteElo "2520"]
[BlackElo "2445"]

1.c4 e5 2.g3 Nc6 3.Bg2 g6 4.Nc3 Bg7 5.Rb1 a5 6.a3 Nf6 7.b4 axb4 8.axb4 O-O
9.d3 d6 10.b5 Nd4 11.e3 Ne6 12.Nge2 Re8 13.O-O Nc5 14.d4 exd4 15.exd4 Nce4
16.Nxe4 Nxe4 17.Be3 Bf5 18.Rb2 d5 19.Qb3 dxc4 20.Qxc4 Nd6 21.Qc5 Bd3 22.Rd1 Nc4
23.Rxd3 Nxb2 24.Rd2 Ra1+ 25.Bf1 Na4 26.Qc2 Nb6 27.Nf4 Qd7 28.Rd1 Rxd1 29.Qxd1 Nd5
30.Nxd5 Qxd5 31.Qd3 Ra8 32.h4 Ra1 33.Kh2 Ra4 34.Qc2 Ra1 35.Bg2 Qd7 36.Qc4 Rb1
37.Bxb7 Qxb5 38.Qxb5 Rxb5 39.Bc6 Rb4 40.d5 Be5 41.Kg2 Kg7 42.Kf3 f5 43.Bd2 Rb3+
44.Ke2 Bd6 45.Be3 Kf6 46.Bd4+ Be5 47.Be3 Rb4 48.Bg5+ Kg7 49.Bd2 Rc4 50.Bb5 Re4+
51.Kd1 Rd4 52.Bc6 f4 53.Ke2 fxg3 54.fxg3 Rg4 55.Be1 Re4+ 56.Kf1 Re3 57.Bf2 Rd3
58.Ke2 Ra3 59.g4 Kf7 60.Be3 Bd6 61.Bb5 Kf6 62.Bd4+ Be5 63.Be3 Rb3 64.Bd3 Rb4
65.Kf3 Bd6 66.h5 Ke5 67.hxg6 hxg6 68.Bxg6 Kxd5 69.Bf7+ Ke5 70.Bd2  1/2-1/2

[Event "ARG-ch"]
[Site "San Luis"]
[Date "1990.??.??"]
[Round "3"]
[White "Iglesias, Alejandro"]
[Black "Borghi, Humberto"]
[Result "0-1"]
[WhiteElo "2280"]
[BlackElo "2320"]

1.c4 e5 2.g3 Nf6 3.Bg2 Nc6 4.Nc3 Bb4 5.Nd5 Nxd5 6.cxd5 Ne7 7.Nf3 Bd6 8.e4 f5
9.O-O fxe4 10.Ng5 Nf5 11.Nxe4 Be7 12.d4 d6 13.dxe5 dxe5 14.Qb3 Nd4 15.Qc4 Bg4
16.f3 Bd7 17.Re1 Bb5 18.Qc3 O-O 19.f4 Kh8 20.Kh1 Qxd5 21.Qxc7 Qd8 22.Qxe5 Nc2
23.Be3 Nxa1 24.Rxa1 Bc6 25.Re1 Bf6 26.Qh5 Qd5 27.Bc5 Rfe8 28.Rd1 Qxa2 29.Rd2 Qb1+
30.Rd1 Qxb2 31.Rd2 Qa1+ 32.Rd1 Qa2 33.Rd2 Qe6 34.Re2 Rad8 35.Ng5 Bxg2+ 36.Kxg2 Qc6+
37.Kh3 Bxg5 38.fxg5 Qd7+ 39.Kh4 Rxe2 40.Qxe2 Re8  0-1

[Event "Schwaebisch Gmuend op"]
[Site "Schwaebisch Gmuend"]
[Date "1990.??.??"]
[Round "?"]
[White "Reschke, Stefan"]
[Black "Ermenkov, Evgenij"]
[Result "0-1"]
[WhiteElo "2265"]
[BlackElo "2480"]

1.c4 e5 2.g3 Nf6 3.Bg2 d5 4.cxd5 Nxd5 5.Nc3 Nb6 6.d3 Be7 7.Nf3 Nc6 8.O-O O-O
9.Be3 Re8 10.Rc1 Bf8 11.Ne4 Nd4 12.Bxd4 exd4 13.Nc5 g6 14.Qc2 Bg7 15.Rfe1 c6
16.Nb3 Qd6 17.Qc5 Qxc5 18.Nxc5 a5 19.Ne4 Re7 20.Nc5 a4 21.a3 Ra5 22.h3 f5
23.Rc2 Re8 24.Rb1 Rb5 25.b4 axb3 26.Rxb3 Rxb3 27.Nxb3 Rd8 28.Nc5 Nd5 29.a4 Nc3
30.Rb2 Re8 31.Kf1 Re7 32.Ne1 Bf8 33.Nb3 Rd7 34.a5 c5 35.Nd2 Rc7 36.Nc4 Kf7
37.Nb6 Be6 38.Nc4 Nd5 39.Nb6 Nb4 40.Nc2 Ke8 41.Na3 Kd8 42.Nac4 Rg7 43.Rb1 Kc7
44.Rc1 Kb8 45.Na4 Rc7 46.Nab6 Ka7 47.Rb1 Ka6 48.h4 Rf7 49.Bh3 Be7 50.Rc1 Rf8
51.Kg1 Re8 52.Kf1 Bf8 53.Rb1 Rd8 54.Rc1 Be7 55.Rb1 Ra8 56.Rc1 Rg8 57.Rb1 h6
58.Rc1 g5 59.hxg5 hxg5 60.Bg2 g4 61.Rb1 Rh8 62.Ra1 Rf8 63.Rb1 f4 64.gxf4 Rxf4
65.Kg1 Bh4 66.Rf1 Nc6 67.Be4 g3 68.fxg3 Rxf1+ 69.Kxf1 Bxg3 70.Bxc6 bxc6 71.Kg2 Bc7
72.Kf1 Bxb6 73.axb6 Bxc4 74.b7 Kxb7 75.Ke1 Kb6 76.Kd2 Ka5 77.Kc2 Kb4  0-1

[Event "BUL-FRA m"]
[Site "Sofia"]
[Date "1990.??.??"]
[Round "8"]
[White "Kirov, Nino"]
[Black "Boudy, Julio"]
[Result "1/2-1/2"]
[WhiteElo "2445"]
[BlackElo "2305"]

1.c4 e5 2.g3 Nc6 3.Bg2 g6 4.Nc3 Bg7 5.Rb1 Nf6 6.b4 O-O 7.d3 Re8 8.e4 d6 9.Nge2 Nd7
10.O-O Nf8 11.b5 Ne7 12.Nd5 Ne6 13.Be3 Nxd5 14.cxd5 Nc5 15.Qc2 b6 16.d4 exd4
17.Nxd4 Bd7 18.Rfe1 f5 19.Ne6 Nxe6 20.dxe6 Bxe6 21.exf5 Bxf5 22.Qc4+ Be6
23.Qa4 d5 24.Bd4 Qg5 25.Bxg7 Kxg7 26.Rbc1 Bf7 27.Qd4+ Qf6 28.Qxf6+ Kxf6 29.Rc6+ Kg7
30.Rec1 Re7 31.Rxc7 Rae8 32.Rxe7 Rxe7 33.Rd1 d4 34.Rxd4 Bxa2 35.Bc6 Rc7 36.f4 Kf7
37.Kf2 a5 38.Rd8 a4 39.Ra8 Bb3 40.Ra6 Re7 41.Rxb6 a3 42.Ra6 a2 43.b6 Bc4
44.Rxa2 Bxa2 45.b7 Rxb7 46.Bxb7 Kf6 47.h4 h6 48.g4 g5  1/2-1/2

[Event "Tatran Cup"]
[Site "Stary Smokovec"]
[Date "1990.??.??"]
[Round "10"]
[White "Cvetkovic, Srdjan"]
[Black "Stohl, Igor"]
[Result "1/2-1/2"]
[WhiteElo "2430"]
[BlackElo "2525"]

1.c4 e5 2.g3 d6 3.Nc3 g6 4.d4 Nd7 5.e3 Bg7 6.Nge2 Ngf6 7.Bg2 O-O 8.O-O Re8
9.Qc2 c6 10.d5 cxd5 11.cxd5 Nc5  1/2-1/2

[Event "Rilton Cup"]
[Site "Stockholm"]
[Date "1990.??.??"]
[Round "6"]
[White "Degerman, Lars"]
[Black "Maier, Christian"]
[Result "0-1"]
[WhiteElo "2405"]
[BlackElo "2330"]

1.c4 e5 2.g3 Nc6 3.Bg2 h5 4.Nf3 h4 5.Nxh4 Rxh4 6.gxh4 Qxh4 7.d3 Nf6 8.h3 Bc5
9.e3 d6 10.a3 Bf5 11.Nc3 a6 12.b4 Ba7 13.Qa4 e4 14.d4 Kf8 15.b5 Nxd4 16.bxa6 bxa6
17.exd4 Bxd4 18.Qc2 Re8 19.Bb2 Qg5 20.Qd2 Qxg2 21.O-O-O c5 22.Rdf1 e3 23.fxe3 Bxe3  0-1

[Event "JUG-Cup"]
[Site "Svetozarevo"]
[Date "1990.??.??"]
[Round "?"]
[White "Djosic, Slavoljub"]
[Black "Radibratovic, Predrag"]
[Result "1/2-1/2"]
[WhiteElo "2265"]
[BlackElo "2330"]

1.c4 e5 2.g3 g6 3.Bg2 Bg7 4.Nc3 Nc6 5.e3 Nge7 6.Nge2 O-O 7.O-O d6 8.Rb1 a5
9.a3 Be6 10.Nd5 Qd7 11.Nec3 Nd8 12.b4 axb4 13.axb4 Nxd5 14.Nxd5 Ra7 15.d3 b5
16.e4 Nc6 17.Be3 Nd4 18.Bxd4 exd4 19.c5 c6 20.Nf4 dxc5 21.Nxe6 Qxe6 22.bxc5 Rfa8
23.f4 Bf8 24.e5 Ra3 25.Qf3 R8a6 26.Qe4 Qf5 27.Rfc1 Rxd3 28.Ra1 Rxa1 29.Rxa1 Qxe4
30.Bxe4 Re3 31.Bxc6 d3 32.Bxb5 Bxc5 33.Kg2 Kg7 34.Rd1 Re2+ 35.Kh3 Be3 36.Bxd3 Rd2
37.Rxd2 Bxd2 38.Kg4 h5+ 39.Kf3 Bb4 40.Ke4 Bc5 41.h3 Bf2 42.Kf3 Be1 43.g4 hxg4+
44.hxg4 Bc3  1/2-1/2

[Event "JUG-Cup"]
[Site "Svetozarevo"]
[Date "1990.??.??"]
[Round "?"]
[White "Simonovic, Aleksandar"]
[Black "Zecevic, Milan"]
[Result "1/2-1/2"]
[WhiteElo "2265"]
[BlackElo "2245"]

1.g3 e5 2.c4 Nc6 3.Bg2 g6 4.Nc3 Bg7 5.d3 d6 6.Rb1 Be6 7.b4 Qd7 8.Nd5 Nd8
9.b5 c6 10.bxc6 bxc6 11.Nb4 Ne7 12.Nf3 h6 13.O-O O-O 14.Qa4 Bh3 15.Ba3 Bxg2
16.Kxg2 f5 17.Na6 Rc8 18.Nb8 Qc7 19.Na6 Qd7 20.Nb8 Qc7 21.Na6  1/2-1/2

[Event "Toulouse op"]
[Site "Toulouse"]
[Date "1990.??.??"]
[Round "9"]
[White "Spiridonov, Nikola"]
[Black "Arkell, Keith C"]
[Result "1-0"]
[WhiteElo "2405"]
[BlackElo "2460"]

1.c4 e5 2.g3 Nc6 3.Bg2 f5 4.e3 Nf6 5.Nc3 Bb4 6.Nge2 O-O 7.O-O Bxc3 8.Nxc3 f4
9.Nd5 fxg3 10.fxg3 d6 11.d3 Kh8 12.Bd2 Ne7 13.Nxf6 gxf6 14.d4 Ng6 15.Bc3 Qe7
16.Qh5 Be6 17.Bxb7 Bxc4 18.Bxa8 Rxa8 19.Rf2 Rf8 20.b3 Ba6 21.Qf3 Qd7 22.Rd1 Qb5
23.Qe4 Bb7 24.Qd3 Qd5 25.e4 Qe6 26.dxe5 fxe5 27.Rf5 Rg8 28.Rdf1 Qc8 29.Rf7 Rg7
30.Rxg7 Kxg7 31.Qf3 Qe6 32.Bd2 d5 33.Qf5 Qxf5 34.exf5 Nf8 35.Rc1 c6 36.g4 Nd7
37.b4 Kf6 38.Rf1 d4 39.g5+ Kf7 40.h4 e4 41.Bf4 Ba6 42.Rc1 Bb5 43.a4 Bxa4
44.Rc4 Nb6 45.Rxd4 Bc2 46.Be3 Nd5 47.Kf2 Bd3 48.b5 Bxb5 49.Rxe4 Bd3 50.Re5 Ne7
51.Bxa7 Nxf5 52.h5 Ng7 53.Ke3 Bb1 54.h6 Ne6 55.Kf3 Bc2 56.Kg4 Bd1+ 57.Kg3 Bc2
58.Be3 Bd3 59.Kf2 Bc2 60.Ke1 Bb1 61.Kd2 Bg6 62.Kc3 Bb1 63.Kb4 Bd3 64.Ka5 Nd8
65.Kb6 Kg6 66.Re7 Bf5 67.Kc7 Ne6+ 68.Kd6 Nd8 69.Ke5  1-0

[Event "Tuzla"]
[Site "Tuzla"]
[Date "1990.??.??"]
[Round "5"]
[White "Sinanovic, Muhamed"]
[Black "Rosic, Slavko"]
[Result "1-0"]
[WhiteElo "2390"]
[BlackElo "2260"]

1.c4 e5 2.g3 f5 3.Bg2 Nf6 4.Nc3 Nc6 5.d3 Be7 6.e3 O-O 7.Nge2 Kh8 8.O-O d6
9.a3 Be6 10.Nd5 Qd7 11.b4 Nd8 12.Bb2 c6 13.Nxe7 Qxe7 14.h3 Nf7 15.f4 Rad8
16.Qc2 Bc8 17.Kh2 Rfe8 18.Ng1 Rg8 19.Nf3 g5 20.c5 Nd7 21.cxd6 Qxd6 22.fxe5 Ndxe5
23.Nxe5 Nxe5 24.d4 Ng6 25.d5+ Ne5 26.dxc6 bxc6 27.Rad1 Qf6 28.Qc3 Rge8 29.Bxc6 Re6
30.Rxd8+  1-0

[Event "Tuzla"]
[Site "Tuzla"]
[Date "1990.??.??"]
[Round "8"]
[White "Blagojevic, Dragisa"]
[Black "Sinanovic, Muhamed"]
[Result "1/2-1/2"]
[WhiteElo "2395"]
[BlackElo "2390"]

1.c4 e5 2.g3 f5 3.Bg2 Nf6 4.Nf3 Nc6 5.O-O d6 6.d3 g6 7.Nc3 Bg7 8.Rb1 a5 9.a3 O-O
10.b4 axb4 11.axb4  1/2-1/2

[Event "Tuzla"]
[Site "Tuzla"]
[Date "1990.??.??"]
[Round "10"]
[White "Filipowicz, Andrzej"]
[Black "Palos, Osman"]
[Result "1/2-1/2"]
[WhiteElo "2385"]
[BlackElo "2370"]

1.c4 e5 2.g3 Nf6 3.Bg2 h6 4.a3 c6 5.Nf3 e4 6.Nd4 d5 7.cxd5 Qxd5 8.Nc2 Qd8
9.Nc3 Bf5 10.Ne3 Bg6 11.b4 Bd6 12.Bb2 O-O 13.O-O Re8 14.Qb3 Be5 15.Rad1 Nbd7
16.Nc4 Bc7 17.f3 h5 18.Nxe4 Nxe4 19.fxe4 h4 20.gxh4 Qxh4 21.Qh3 Rxe4 22.Ne3 Nf8
23.Qxh4 Rxh4 24.h3 Re8 25.Nf5 Bxf5 26.Rxf5 Rxe2 27.Kf1 Re7 28.Re1 Rxe1+ 29.Kxe1 Ne6
30.Bf1 a6 31.Rf3 Bb6 32.Bc3 g6 33.Bf6 Re4+ 34.Kd1 Rf4 35.Rxf4 Nxf4 36.a4 Nd5
37.Bc3 f5 38.b5 axb5 39.axb5 Kh7 40.bxc6 bxc6 41.Ke2 Bd8 42.Kf3 Bf6 43.Bxf6 Nxf6
44.Kf4 Kg7 45.Bd3 Kf7 46.Bc4+ Ke7 47.d4 Ne4 48.Ba6 Ke6 49.h4 Nd6 50.Be2 Nb5
51.Ke3 Nc3 52.Bf3 Nd5+ 53.Kd3 Kd6 54.Kc4 Nf4 55.Kc3 Nd5+ 56.Kc4 Nc7 57.Kd3 Ne6
58.Ke3 Nf8 59.Kf4 Ne6+ 60.Ke3 Nd8 61.Kf4 Ne6+  1/2-1/2

[Event "Vienna op"]
[Site "Vienna"]
[Date "1990.??.??"]
[Round "3"]
[White "Simic, Radoslav"]
[Black "Dueckstein, Andreas"]
[Result "1/2-1/2"]
[WhiteElo "2505"]
[BlackElo "2380"]

1.c4 e5 2.g3 Nf6 3.Bg2 d5 4.cxd5 Nxd5 5.Nc3 Nb6 6.Nf3 Nc6 7.O-O Be7 8.a3 O-O
9.b4 Be6 10.d3 Nd4 11.Rb1 f6 12.Bb2 c6 13.Nxd4 exd4 14.Ne4 Qd7 15.Nc5 Bxc5
16.bxc5 Nc8 17.Qa4 Rd8 18.Ba1 a5 19.Qc2 Ne7 20.a4 Qc7 21.Qb2 Rd7 22.Rfc1 Qe5
23.Qd2 Nd5 24.Bb2 Nb4 25.Ba3 Nd5 26.Bb2 Nb4 27.Re1 Qxc5 28.Ba3 Qa7 29.Bxb4 axb4
30.Rxb4 Qa5 31.Rd1 c5 32.Rxb7 Qxd2 33.Rxd2 Rxa4 34.Rb8+ Kf7 35.Bc6 Ra1+ 36.Kg2 Rc7
37.Bf3 Ra2 38.Rxa2 Bxa2 39.h4 Be6 40.Rh8 h6 41.Rb8 Ke7 42.Be4 f5 43.Bf3 c4
44.dxc4 Bxc4 45.Rb6 Rd7 46.Rg6 Kf7 47.Rc6 Bd5 48.Bxd5+ Rxd5 49.Kf3 d3 50.exd3 Rxd3+
51.Kf4 Rd5  1/2-1/2

[Event "Yaroslavl"]
[Site "Yaroslavl"]
[Date "1990.??.??"]
[Round "?"]
[White "Reschke, Stefan"]
[Black "Lukin, Andrei M"]
[Result "0-1"]
[WhiteElo "2285"]
[BlackElo "2470"]

1.c4 e5 2.g3 Nc6 3.Bg2 f5 4.Nc3 Nf6 5.d3 g6 6.e3 Bg7 7.Nge2 O-O 8.O-O d6
9.Nd5 Be6 10.Bd2 Rb8 11.b4 a6 12.a4 e4 13.dxe4 Nxe4 14.Rc1 Ne5 15.Be1 c6
16.f3 Nf6 17.Nd4 Bf7 18.Nxf6+ Bxf6 19.Qe2 Re8 20.Bf2 c5 21.bxc5 dxc5 22.Nb3 Qd3
23.Qd1 b6 24.a5 Qxd1 25.Rfxd1 Bxc4 26.Nd2 Be2  0-1

[Event "Yaroslavl"]
[Site "Yaroslavl"]
[Date "1990.??.??"]
[Round "?"]
[White "Reschke, Stefan"]
[Black "Masternak, Grzegorz"]
[Result "1/2-1/2"]
[WhiteElo "2285"]
[BlackElo "2360"]

1.c4 e5 2.g3 Nc6 3.Bg2 g6 4.Nc3 Bg7 5.d3 d6 6.Rb1 Be6 7.b4 Qd7 8.b5 Nd8 9.a4 f5
10.Qc2 c6 11.e4 Ne7 12.Ba3 f4 13.bxc6 bxc6 14.a5 O-O 15.Qa4 Nb7 16.Nd5 Rab8
17.Nxe7+ Qxe7 18.Rd1 f3 19.Bxf3 Rxf3 20.Nxf3 Bg4 21.Nd2 Bxd1 22.Qxd1 Qc7
23.Qa4 Qxa5 24.Qxa5 Nxa5 25.Ke2 Bf8 26.Ra1 Nb3 27.Nxb3 Rxb3 28.Bc1 Rb7 29.Ra6 c5
30.f4 exf4 31.Bxf4 Rd7 32.d4 cxd4 33.Kd3 Kf7 34.Kxd4 Ke6 35.c5 Bg7+ 36.Kc4 Be5
37.c6 Rf7 38.Be3 Rf3 39.Kd3 d5 40.exd5+ Kxd5 41.Ra5+ Kd6  1/2-1/2

[Event "Yaroslavl"]
[Site "Yaroslavl"]
[Date "1990.??.??"]
[Round "?"]
[White "Reschke, Stefan"]
[Black "Yuferov, Sergey  N"]
[Result "0-1"]
[WhiteElo "2285"]
[BlackElo "2400"]

1.c4 e5 2.g3 d6 3.Bg2 f5 4.Nc3 Nf6 5.d3 g6 6.b4 Bg7 7.Rb1 O-O 8.e3 Nh5 9.Nce2 g5
10.f4 gxf4 11.exf4 Nd7 12.Nh3 Ndf6 13.O-O Ng4 14.Qb3 Qe8 15.Bd2 Nhf6 16.Rbe1 Qh5
17.Nc3 Be6 18.fxe5 dxe5 19.d4 Ne4 20.Nxe4 fxe4 21.d5 Bf5 22.Qd1 Rf7 23.Qe2 Raf8
24.b5 Rf6 25.Bg5 Rg6 26.Bh4 e3 27.Rf3 Bf6 28.Bxf6 Nxf6 29.Qf1 Ne4 30.Rexe3 Nd2
31.Rxf5 Nxf1 32.Rxh5 Nxe3 33.Rxe5 Nxc4 34.Re2 Nd6 35.a4 Re8 36.Rc2 Rg7 37.Nf4 Re1+
38.Kf2 Ra1 39.Ne6 Rf7+ 40.Ke3 Rxa4 41.Nxc7 Nc4+  0-1

[Event "Aarhus op"]
[Site "Aarhus"]
[Date "1991.??.??"]
[Round "3"]
[White "Jacobsen, Bo"]
[Black "Godena, Michele"]
[Result "0-1"]
[WhiteElo "2285"]
[BlackElo "2405"]

1.c4 e5 2.g3 Nc6 3.Bg2 g6 4.Nc3 Bg7 5.Rb1 d6 6.b4 Nf6 7.d3 O-O 8.Bg5 h6 9.Bxf6 Bxf6
10.Nf3 Bg7 11.O-O Ne7 12.b5 a6 13.Qc2 axb5 14.Rxb5 c6 15.Rb4 d5 16.Nd2 e4
17.Ndb1 e3 18.cxd5 exf2+ 19.Kh1 cxd5 20.Rxf2 Be6 21.Rxb7 d4 22.Ne4 Rxa2 23.Qc1 Nf5
24.Nbd2 Ne3 25.Bf3 Qa5 26.Nc4 Bxc4 27.dxc4 Ra1 28.Rb1 Ra8 29.Nd2 Rxb1 30.Nxb1 Rb8
31.Nd2 Qxd2  0-1

[Event "Acasusso op"]
[Site "Acasusso"]
[Date "1991.??.??"]
[Round "3"]
[White "Giardelli, Sergio C"]
[Black "Spangenberg, Hugo"]
[Result "1/2-1/2"]
[WhiteElo "2435"]
[BlackElo "2220"]

1.c4 e5 2.g3 Nf6 3.Bg2 d5 4.cxd5 Nxd5 5.Nc3 Nb6 6.Nf3 Nc6 7.O-O Be7 8.d3 O-O
9.a3 f5 10.b4 Bf6 11.Bb2 Be6 12.Nd2 Qe8 13.Nb3 Nd7 14.Nb5 Qf7 15.Na5 Nxa5
16.bxa5 e4 17.Qd2 Ne5 18.Rac1 c6 19.Nd4 Bd5 20.f4 exf3 21.Nxf3 Bxf3 22.Bxf3 Nxf3+
23.Rxf3 Qd5 24.Bxf6 Rxf6 25.Qb4 Re8 26.Rf2 Qd7 27.Rc4 Rfe6 28.Rd4 Qe7 29.Qb3 Kh8
30.Rdf4 Rxe2 31.Rxf5 h6 32.Qf7 Re1+ 33.Kg2 Qxa3 34.Qxb7 Qxd3 35.Qxc6 Qd1
36.Qg6 R1e2 37.Kh3 Qd7 38.Rxe2 Rxe2 39.Qg4 Kh7 40.Qxe2 Qxf5+ 41.g4 Qxa5  1/2-1/2

[Event "Acasusso op"]
[Site "Acasusso"]
[Date "1991.??.??"]
[Round "4"]
[White "Llanos, Guillermo"]
[Black "Spangenberg, Hugo"]
[Result "0-1"]
[WhiteElo "2385"]
[BlackElo "2220"]

1.c4 e5 2.g3 Nf6 3.Nc3 d5 4.cxd5 Nxd5 5.Bg2 Nb6 6.Nf3 Nc6 7.d3 Be7 8.O-O O-O
9.a3 Re8 10.b4 Bf8 11.Rb1 Bg4 12.Ne4 a5 13.Nc5 axb4 14.axb4 Nxb4 15.Rxb4 Bxf3
16.Bxf3 Bxc5 17.Rb5 Bd6 18.Bxb7 Ra1 19.Qb3 Qd7 20.Qb2 Ra7 21.Bg2 Na4 22.Qb3 c6
23.Be3 cxb5 24.Bxa7 Qxa7 25.Qxb5 Rd8 26.Ra1 Nc3 27.Rxa7 Nxb5 28.Rb7 Nd4 29.e3 Ne6
30.Bd5 Kf8 31.Bc4 Be7 32.Bxe6 fxe6 33.Rb3 Kf7 34.Kg2 Ra8 35.Rb2 Ra3 36.Rd2 Rb3
37.Kf3 Bb4 38.Rd1 Rb2 39.Rf1 Kf6 40.Ke4 Bd6 41.h4 h5 42.f4 exf4 43.exf4 Bc5
44.Rd1 Re2+ 45.Kf3 Re3+ 46.Kg2 Bd4 47.Kh3 Kf5 48.Rd2 Bc3 49.Rc2 Rxd3 50.Re2 Bd4
51.Ra2 Rb3 52.Ra8 Rc3 53.Rh8 Kg6 54.Kg2 Rd3 55.Rd8 Rd2+ 56.Kf3 Kf5 57.Rf8+ Bf6
58.Rh8 Rd3+ 59.Ke2 Rxg3 60.Rxh5+ Kxf4  0-1

[Event "Acasusso op"]
[Site "Acasusso"]
[Date "1991.??.??"]
[Round "6"]
[White "Giardelli, Sergio C"]
[Black "Adla, Diego"]
[Result "1-0"]
[WhiteElo "2435"]
[BlackElo "2435"]

1.c4 e5 2.g3 Nf6 3.Bg2 d5 4.cxd5 Nxd5 5.Nc3 Nb6 6.Nf3 Nc6 7.O-O Be7 8.a3 O-O
9.b4 Re8 10.d3 Bf8 11.Bb2 a5 12.b5 Nd4 13.Nd2 Rb8 14.Nb3 Nxb3 15.Qxb3 Bg4
16.Rac1 Qd7 17.Rfe1 Kh8 18.Nd5 Nxd5 19.Qxd5 Bd6 20.Qc4 Re7 21.d4 e4 22.Rc3 Rbe8
23.Rb3 f5 24.b6 c6 25.d5 c5 26.e3 a4 27.Rb5 Ra8 28.Bf1 h5 29.Rc1 Qe8 30.Rxc5 Bxc5
31.Qxc5 f4 32.d6 Rf7 33.exf4 Rc8 34.Qd4 Rxc1 35.Bxc1 Bd7 36.Qd5 Rf5 37.Qxb7 e3
38.Bxe3 Rf7 39.Qd5 Rf6 40.b7  1-0

[Event "Acasusso op"]
[Site "Acasusso"]
[Date "1991.??.??"]
[Round "10"]
[White "Madina, Martin"]
[Black "Restifa, Hector"]
[Result "0-1"]
[WhiteElo "2285"]
[BlackElo "2325"]

1.c4 e5 2.g3 Nc6 3.Bg2 g6 4.Nc3 Bg7 5.e3 d6 6.d3 Be6 7.Rb1 Qd7 8.b4 a6 9.Qa4 Nge7
10.b5 Nd8 11.Nd5 f5 12.Nh3 h6 13.f4 O-O 14.Qa5 b6 15.Nxe7+ Qxe7 16.Qa3 Nf7
17.Bxa8 Rxa8 18.bxa6 Qd7 19.O-O Qc8 20.Rb4 Bd7 21.fxe5 dxe5 22.Qc3 Rxa6 23.a3 Ra5
24.Nf2 e4 25.Qc2 Ng5 26.dxe4 fxe4 27.Bb2 Nf3+ 28.Kg2 Bh3+ 29.Nxh3 Rh5 30.Rxf3 Qxh3+
31.Kg1 exf3 32.Bxg7 Rf5 33.Qf2 Kxg7 34.e4 Rf7 35.c5 bxc5 36.Rb2 Qe6 37.Qe3 Qe5
38.Rc2 Qd4 39.Kf2 g5 40.h3 h5 41.g4 h4 42.Qxd4+ cxd4 43.Rc5 c6 44.Rxg5+ Kh7
45.Rc5 Ra7 46.Rxc6 Rxa3 47.Rd6 Rd3 48.g5 Kg7 49.Rh6 Rd1 50.Rxh4 d3 51.Kxf3 Re1  0-1

[Event "Altensteig"]
[Site "Altensteig"]
[Date "1991.??.??"]
[Round "9"]
[White "Chernin, Alexander"]
[Black "Smejkal, Jan"]
[Result "1/2-1/2"]
[WhiteElo "2605"]
[BlackElo "2555"]

1.c4 e5 2.g3 Nf6 3.Bg2 d5 4.cxd5 Nxd5 5.Nf3 Nc6 6.O-O Nb6 7.d3 Be7 8.Nbd2 O-O
9.a3 a5 10.b3 Be6 11.Bb2 f6 12.Qc2 Qd7 13.e3 Rfd8 14.d4 exd4 15.Nxd4 Bd5
16.Bxd5+ Qxd5 17.Nxc6 Qxc6 18.Qxc6 bxc6 19.Rfd1 a4 20.b4 c5 21.bxc5 Bxc5
22.Rac1 Ra5 23.Rc2 Rb5 24.Ra1 Bf8 25.Ra2 Rbd5 26.Bc1 R8d7 27.Kf1 Kf7 28.Ke2 Be7
29.Rc6 Ke8 30.Rac2 Kd8 31.Nc4 Rb5 32.Nxb6 Rxb6  1/2-1/2

[Event "Altensteig"]
[Site "Altensteig"]
[Date "1991.??.??"]
[Round "11"]
[White "Fauland, Alexander"]
[Black "Schmittdiel, Eckhard"]
[Result "1/2-1/2"]
[WhiteElo "2475"]
[BlackElo "2490"]

1.c4 e5 2.g3 c5 3.Bg2 Nc6 4.Nc3 d6 5.a3 g6 6.e3 Bg7 7.b4 Nge7 8.Rb1 O-O 9.Nge2 Rb8
10.O-O Be6 11.d3 Qd7 12.Ne4 cxb4 13.axb4 b5 14.cxb5 Rxb5 15.Ba3 Nd5 16.Qa4 Rfb8
17.N2c3 Nxc3 18.Nxc3 R5b6 19.b5 Ne7 20.Rfc1 Bf8 21.Bc6 Qc7 22.Nd5 Nxd5 23.Bxd5 Qe7
24.Bxe6 Qxe6 25.Rb2 Qd7 26.Rc6 Rxb5 27.Ra6 R8b7 28.Rxb5 Rxb5 29.Rxa7 Rb1+
30.Kg2 Qxa4 31.Rxa4 Ra1 32.Ra8 f6 33.f4 exf4 34.gxf4 f5 35.e4 fxe4 36.dxe4 Kf7
37.e5 Be7 38.Ra7 Ke6 39.Ra6 Kf5 40.exd6 Bxd6 41.Ra5+ Kg4 42.h3+ Kh4 43.Bb4 Rxa5
44.Bxa5 Bxf4  1/2-1/2

[Event "Anapa"]
[Site "Anapa"]
[Date "1991.??.??"]
[Round "?"]
[White "Sher, Miron N"]
[Black "Panbukchian, Valentin"]
[Result "1/2-1/2"]
[WhiteElo "2450"]
[BlackElo "2350"]

1.c4 e5 2.g3 Nf6 3.Bg2 d5 4.cxd5 Nxd5 5.Nf3 Nc6 6.O-O Be7 7.Nc3 Nb6 8.a3 O-O
9.b4 Be6 10.d3 f6 11.Rb1 Qe8 12.Ne4 Rd8 13.Nc5 Bc8 14.Qc2 Nd5 15.e4 Nb6 16.Be3 Bd6
17.b5 Ne7 18.a4 Qf7 19.a5 Nd7 20.Nxd7 Bxd7 21.Bxa7 Ra8 22.Bc5 Rfc8 23.Bxd6 cxd6
24.Qa4 Rc5 25.Rb4 Qe8 26.Rfb1 Qd8 27.a6 bxa6 28.Qa2+ Kh8 29.b6 Bb5 30.d4 Rc6
31.b7 Rb8 32.Bf1 Rxb7 33.Bxb5 axb5 34.Rxb5 Rbc7 35.Kg2 Rc4 36.Rb8 Nc8 37.R8b4 Qg8
38.Qa6 h6 39.h4 h5 40.d5 Rxb4 41.Rxb4 Kh7 42.Nd2 Qf7 43.Nc4 Qd7 44.Ne3 Ra7
45.Qe2 g6 46.Qb2 Rc7 47.Nc4 f5 48.exf5 Qxf5 49.Ne3 Qf7 50.Qd2 Ne7 51.Rb6 Rd7
52.Qd3 Kg7 53.Ra6 Nf5 54.Nc4 Nd4 55.Nxd6 Qxd5+ 56.Ne4 Rf7 57.Rd6 Qa8 58.Rb6 Nf3
59.Rb1 Qc6 60.Ra1 Nd4 61.Re1 Rb7 62.Qc3 Qd5 63.Qc5 Qxc5 64.Nxc5 Re7 65.Ra1 Rc7
66.Ra5 Re7 67.Ra6 Rc7 68.Ne4 Re7 69.Kf1 Rc7 70.Ra5 Re7 71.Ke1 Rb7 72.Ra6 Rd7
73.Kd2 Nf5+ 74.Ke1 Nd4 75.Rb6 Nf3+ 76.Ke2 Nd4+ 77.Kf1 Ra7 78.Ng5 Re7 79.Rb4 Ra7
80.Rc4 Rb7 81.Rc5 Re7 82.Rd5 Kf6 83.Rd6+ Kg7 84.Ne4 Nf5 85.Rd5 Nh6 86.Ke2 Nf7
87.Rc5 Ra7 88.Rc6 Ra2+ 89.Kf1 Ra7 90.Nc5 Re7 91.Ne6+ Kg8 92.Nc7 Kg7 93.Ke2 Nh6
94.Ne6+ Kf7 95.Nc5 Ng4 96.Ne4 Kg7 97.Rd6 Ra7 98.Rd2 Nf6 99.Ng5 Ng4 100.Rb2 Kf6
101.Kd3 Rd7+ 102.Kc4 Kg7 103.Kc5 Kf6 104.Ra2 Kf5 105.Ra8 Nxf2 106.Rf8+ Kg4
107.Rxf2  1/2-1/2

[Event "Anapa"]
[Site "Anapa"]
[Date "1991.??.??"]
[Round "?"]
[White "Sher, Miron N"]
[Black "Tunik, Gennady"]
[Result "1/2-1/2"]
[WhiteElo "2450"]
[BlackElo "2470"]

1.c4 e5 2.g3 Nf6 3.Bg2 d5 4.cxd5 Nxd5 5.Nf3 Nc6 6.O-O Be7 7.d4 exd4 8.Nxd4 Nxd4
9.Qxd4 Nf6 10.Qa4+ c6 11.Nc3 O-O 12.e4 Nd7 13.Rd1 Qe8 14.Qc2 f6 15.Bf4 Kh8
16.h3 Qh5 17.Ne2 Nb6 18.g4 Qf7 19.b3 Be6 20.Nd4 Rfd8 21.Rd3 c5 22.Nxe6 Qxe6
23.Rad1 Rxd3 24.Qxd3 h6 25.Qc3 c4 26.e5 Rf8 27.Bg3 fxe5 28.Bxe5 Qf7 29.f4 Rc8
30.Kh1 Bf8 31.Qf3 cxb3 32.axb3 Re8 33.Qxb7 Qxb3 34.Ra1 Re7 35.Qc6 Re6 36.Qc7 Re7
37.Qd8 Qf7 38.Qd4 Rd7 39.Qe4 Nc4 40.Bc3 Re7 41.Qc6 Ne3 42.Be5 Nxg2 43.Kxg2 Kg8
44.Rd1 Qa2+ 45.Kg1 Qb3 46.Qd5+ Qxd5 47.Rxd5 Rb7 48.Ra5 Bb4 49.Ra6 Bc5+ 50.Kg2 Bb6
51.h4 Bc7 52.Bxc7 Rxc7 53.h5 Kf7 54.Kg3 Rb7 55.g5 hxg5 56.fxg5  1/2-1/2

[Event "ARG-ch"]
[Site "?"]
[Date "1991.??.??"]
[Round "7"]
[White "Quinteros, Miguel A"]
[Black "Giaccio, Alfredo"]
[Result "1-0"]
[WhiteElo "2505"]
[BlackElo "2325"]

1.c4 e5 2.g3 Nc6 3.Bg2 g6 4.Nc3 Bg7 5.e3 d6 6.Nge2 h5 7.d4 h4 8.d5 Nce7 9.e4 hxg3
10.hxg3 Rxh1+ 11.Bxh1 c5 12.Be3 a6 13.a4 Nh6 14.f3 f6 15.Qd2 Nf7 16.a5 b6
17.axb6 Qxb6 18.Nc1 Bd7 19.Nd3 Qc7 20.Bg2 Nc8 21.Kf2 Nb6 22.b3 a5 23.Ra3 Nd8
24.f4 a4 25.fxe5 fxe5 26.Qd1 axb3 27.Rxa8 Nxa8 28.Qxb3 Qb6 29.Qa2 Nc7 30.Bf1 Kf7
31.Be2 Bf6 32.Bd1 Na6 33.Ba4 Bxa4 34.Qxa4 Ke7 35.Bd2 Nb8 36.Qb5 Qxb5 37.cxb5 Nd7
38.Na4 Nb7 39.Ndb2 Kf7 40.Nc4 Bd8 41.b6 Ke8 42.Kf3 Kf7 43.Ke2 Ke8 44.Kd3 g5
45.Na5 Nxa5 46.Bxa5 g4 47.Kc4 Nf6 48.Nc3  1-0

[Event "AUT-chT"]
[Site "?"]
[Date "1991.??.??"]
[Round "?"]
[White "Titz, Heimo"]
[Black "Schumi, Manfred"]
[Result "1/2-1/2"]
[WhiteElo "2245"]
[BlackElo "2265"]

1.c4 e5 2.g3 Nf6 3.Bg2 d5 4.cxd5 Nxd5 5.Nc3 Nb6 6.Nf3 Nc6 7.O-O Be7 8.a3 O-O
9.b4 Re8 10.Rb1 Bf8 11.d3 Bg4 12.Be3 Nd4 13.Nd2 c6 14.Re1 a5 15.Nde4 axb4
16.axb4 Nd5 17.Nxd5 cxd5 18.Nc3 Be6 19.Bd2 Qd7 20.e3 Nb5 21.Na4 Na3 22.Nb6 Qd8
23.Nxa8 Nxb1 24.Qxb1 Qxa8 25.Qb2 Bd6 26.Ra1 Qc8 27.b5 Qc5 28.d4 exd4 29.exd4 Qc4
30.Bf1 Qc8 31.Bb4 Bxb4 32.Qxb4 h6 33.Qc5 Qd7 34.Rc1 Rc8 35.Qa3 Rxc1 36.Qxc1 b6
37.Qf4 Qc8 38.h4 Bf5 39.Bg2 Qe6 40.Qd2 Be4 41.f3 Bg6 42.Kf2 Qf5 43.Bf1 Qc2
44.Qxc2 Bxc2 45.Ke3 Kf8 46.Kf4 f6 47.h5 Ke7 48.Ke3 Bf5 49.Be2 Kd6 50.g4 Bd7  1/2-1/2

[Event "URS-chT"]
[Site "Azov"]
[Date "1991.??.??"]
[Round "?"]
[White "Serper, Grigory"]
[Black "Eingorn, Vereslav S"]
[Result "1/2-1/2"]
[WhiteElo "2490"]
[BlackElo "2585"]

1.c4 e5 2.g3 Nc6 3.Bg2 f5 4.Nc3 Nf6 5.d3 Bb4 6.Bd2 O-O 7.Nf3 d6 8.O-O a6
9.Nd5 Bxd2 10.Nxd2 Ne7 11.b4 Nexd5 12.cxd5 Bd7 13.Qb3 Qe8 14.Rac1 Rc8 15.Rc3 f4
16.Rfc1 Qh5 17.Bf3 Qh6 18.Ne4 Ng4 19.Bxg4 Bxg4 20.Qd1 f3 21.e3 Rf7 22.h4 Qg6
23.a4 h6 24.b5 axb5 25.axb5 Bf5 26.Qxf3 Bg4 27.Qg2 Bf3 28.Qh3 Ra8 29.Qe6 Kh7
30.Qxg6+ Kxg6 31.b6 Bxe4 32.bxc7 Bf5 33.c8=Q Bxc8 34.Rxc8 Ra2 35.R1c2 Ra1+
36.Kg2 b5 37.Rd8 Ra6 38.Rc6 Ra2 39.Rcxd6+ Kh7 40.Kh3 Rfxf2 41.Kg4 Rae2 42.Re6 Rxe3
43.Ree8 Rg2 44.Rh8+ Kg6 45.h5+ Kf6 46.Rhf8+ Ke7 47.Rfe8+  1/2-1/2

[Event "URS-chT"]
[Site "Azov"]
[Date "1991.??.??"]
[Round "?"]
[White "Zilberman, Nathan R"]
[Black "Nenashev, Alexander"]
[Result "0-1"]
[WhiteElo "2400"]
[BlackElo "2475"]

1.c4 e5 2.g3 d6 3.Bg2 f5 4.Nc3 Nf6 5.d3 Be7 6.Nf3 O-O 7.O-O Qe8 8.b4 a5 9.bxa5 Bd8
10.a4 c6 11.Ba3 Bxa5 12.Qc2 Bxc3 13.Qxc3 c5 14.a5 Nc6 15.Bc1 Qh5 16.e3 e4
17.Ne1 Be6 18.f4 Qf7 19.Ra4 Ra6 20.Rf2 Rfa8 21.Rfa2 b6 22.d4 Nb4 23.d5 Nxa2
24.dxe6 Nxc3  0-1